| 000 | 01109cam a2200265 4500 | ||
|---|---|---|---|
| 001 | RV123584 | ||
| 008 | 030915n2002 000 0 eng u | ||
| 035 | _a(Sirsi) u123584 | ||
| 245 | _aOccupancy costs (benchmarking) review (R732) | ||
| 260 | _c2002 | ||
| 490 |
_aRICS Abstracts and Reviews _v38(3) March 2002, 22-26(5) |
||
| 520 | _aReading list covering benchmarking and property occupancy costs including cost planning and control, occupier requirements and relevant aspects of property management, valuation and employment law. Gives details of books, videos, articles, and market reports as well as useful websites. Updates "Occupancy costs (benchmarking)" R681 September 1997. Available from the RICS Library, price £4.00. | ||
| 650 | _aCOMMERCIAL OCCUPIERS | ||
| 650 | _aOCCUPANCY COSTS | ||
| 650 | _aBENCHMARKING | ||
| 650 | _aCOST PLANNING | ||
| 650 | _aOCCUPIER REQUIREMENTS | ||
| 650 | _aCOST CONTROL | ||
| 650 |
_aValuation _96273 |
||
| 650 | _aRICS REVIEWS | ||
| 650 | _aRICS HOT TOPICS | ||
| 650 | _aREADING LISTS | ||
| 690 | _aPROPERTY-COMMERCIAL PROPERTY | ||
| 942 | _n0 | ||
| 999 |
_c103062 _d103062 |
||